000 005070000a22001930004500
003 LK-CoMWRAF
005 20240103124346.0
008 230817t1989 ||||| |||| 00| 0 eng d
040 _aLK-CoMWRAF
_dLK-CoMWRAF
_eLK-CoMWRAF
041 _aeng
082 _a823
_bLOR
245 _aThe Lore of Light:
_bStories from the lives of the Prophets
260 _bArafat
_aSri Lanka
_c1989
300 _a246 p
490 _aVolume 01
650 _aEnglish Fiction
700 _aHatum, Haji Amina
_ecomp.
942 _cBK
999 _c990
_d990